Saint-Quentin - Choix multiples - Statistiques

Statistiques générales
  • Ce quiz a été pris 72 fois
  • Le résultat moyen est 6 sur 10
Statistiques - réponses
Question Réponse % Correct
Quel homme politique français, député entre 2002 et 2016, maire de Saint-Quentin entre 2010 et 2016 et plusieurs fois ministre sous les présidences de Jacques Chirac et Nicolas Sarkozy, est le Président de la région Hauts-de-France depuis 2016 ? Xavier Bertrand
87%
Comment s'appelle la principale église de la ville ? Basilique Saint-Quentin
75%
Quel célèbre portraitiste spécialiste du pastel, né et décédé à Saint-Quentin, était présent sur les billets de 50 francs entre 1976 et 1992 ? Maurice-Quentin de La Tour
72%
Quel basketteur né à Saint-Quentin qui a joué aux Jazz de l'Utah et aux Timberwolves du Minnesota a été sélectionné plus de 100 fois en équipe de France ? Rudy Gobert
69%
Quel fleuve traverse la ville de Saint-Quentin ? Somme
66%
Quel forme d'art est très présent dans l'architecture saint-quentinoise du fait de son histoire ? L'Art déco
64%
Quelle voie parisienne, présente sur le Monopoly, porte le même nom que l'un des deux principaux parcs de Saint-Quentin ? Champs-Élysées
62%
À quel évènement historique ont participé Nicolas de Condorcet, Gracchus Babeuf et Camille Desmoulins, tous 3 nés à Saint-Quentin ou ses alentours ? Révolution française
52%
Dans quel sport se sont illustrés le médaillé olympique Jérôme Thomas et ses frères Guillaume Frenois et Cyril Thomas ? Boxe
36%
Quel homme d'État a permis la fin de la construction du canal de Saint-Quentin ? Napoléon Ier
34%
Aucun quiz correspondant
Distribution des résultats
% des personnes avec chaque résultat
Percentile par nombre de réponses
Votre historique - résultats
Vous n’avez pas pris ce quiz